000
00322nam a2200121Ia 4500
005
20251222144654.0
008
251222s9999||||xx |||||||||||||| ||spa||
020
_a
84-300-8397-9
082
_a
232.931/A45
100
_a
Alpanseque Frias, Augusto
245
0
_a
Los dos mil años de la santísima Virgen María
942
_c
LIB
999
_c
17181
_d
17181